[Event "IECG CA.2008.0.00192"]
[Site "IECG email"]
[Date "2008.02.03"]
[Round "?"]
[White "Sacerdotali, Sergio"]
[Black "Villanueva, Matias"]
[Result "1-0"]
[WhiteElo "2094"]
[BlackElo "2084"]
[PlyCount "61"]
[EventDate "2008.02.03"]
[EventType "tourn (corr)"]
[EventRounds "6"]
[SourceTitle "Corr 2024"]
[Source "ChessBase"]
[SourceDate "2023.10.19"]
[SourceVersion "1"]
[SourceVersionDate "2023.10.19"]
[SourceQuality "1"]

1. e4 c5 2. Nf3 d6 3. d4 cxd4 4. Nxd4 Nf6 5. Nc3 a6 6. Be2 e5 7. Nb3 Be7 8. 0-0 0-0 9. Be3 Be6 10. Qd2 Nbd7 11. a4 Rc8 12. a5 Qc7 13. Rfd1 Rfd8 14. Qe1 h6 15. Nc1 Qc6 16. Bf3 Ng4 17. Nd5 Bh4 18. Bxg4 Bxg4 19. Rd2 Be6 20. Qd1 Bxd5 21. exd5 Qb5 22. b3 Nc5 23. c4 Qd7 24. Qc2 f5 25. b4 Ne4 26. Rd1 Qf7 27. Ne2 Nf6 28. Qxf5 Rxc4 29. g3 Bg5 30. Bb6 Re8 31. h4 1-0

[Event "IECG CA.2004.0.00140 email"]
[Site "IECG email"]
[Date "2004.12.19"]
[Round "1"]
[White "Ottaviani, Mauro"]
[Black "Villanueva, Matias"]
[Result "1/2-1/2"]
[WhiteElo "2064"]
[BlackElo "2031"]
[PlyCount "48"]
[EventDate "2004.12.10"]
[EventType "tourn (corr)"]
[EventRounds "6"]
[SourceTitle "Corr 2008"]
[Source "ChessBase"]
[SourceDate "2008.06.24"]
[SourceVersion "1"]
[SourceVersionDate "2008.06.24"]
[SourceQuality "1"]

1. e4 c5 2. Nf3 Nc6 3. d4 cxd4 4. Nxd4 g6 5. Nc3 Bg7 6. Be3 Nf6 7. Bc4 0-0 8. Bb3 a5 9. 0-0 d6 10. Ndb5 b6 11. a4 Ba6 12. f4 Nd7 13. Qf3 Qc8 14. Rfd1 Nb4 15. Bd4 Bxd4+ 16. Nxd4 Bc4 17. Bxc4 Qxc4 18. Rd2 Rac8 19. Rad1 Qc5 20. e5 dxe5 21. Ne4 Qc4 22. b3 Qa6 23. Nb5 Nc5 24. fxe5 Qb7 1/2-1/2

[Event "IECG CA.2004.0.00140 email"]
[Site "IECG email"]
[Date "2004.12.19"]
[Round "1"]
[White "Villanueva, Matias"]
[Black "Gonzaga Grego, Luis Jose"]
[Result "1-0"]
[WhiteElo "2031"]
[BlackElo "2039"]
[PlyCount "69"]
[EventDate "2004.12.10"]
[EventType "tourn (corr)"]
[EventRounds "6"]
[SourceTitle "Corr 2008"]
[Source "ChessBase"]
[SourceDate "2008.06.24"]
[SourceVersion "1"]
[SourceVersionDate "2008.06.24"]
[SourceQuality "1"]

1. e4 c5 2. Nf3 d6 3. d4 cxd4 4. Nxd4 Nf6 5. Nc3 g6 6. Be3 Bg7 7. f3 Nc6 8. Qd2 0-0 9. Bc4 Bd7 10. 0-0-0 Rc8 11. Bb3 Ne5 12. Kb1 Nc4 13. Bxc4 Rxc4 14. g4 b5 15. b3 Rc8 16. Ndxb5 Qa5 17. a4 a6 18. Nd5 Qxd2 19. Nxe7+ Kh8 20. Rxd2 Rce8 21. Nxd6 Rxe7 22. Bc5 Re5 23. Ba3 Be6 24. Nb7 Rb8 25. Rd8+ Rxd8 26. Nxd8 Kg8 27. Bd6 Nxg4 28. fxg4 Rxe4 29. Nxe6 fxe6 30. h3 h5 31. gxh5 gxh5 32. Ba3 Re2 33. Bb2 Bxb2 34. Kxb2 Kf7 35. Rd1 1-0

[Event "Banfield FAGSBA op"]
[Site "Banfield"]
[Date "2004.??.??"]
[Round "6"]
[White "Lopez, Fernando"]
[Black "Villanueva, Matias"]
[Result "0-1"]
[WhiteElo "2250"]
[BlackElo "2153"]
[PlyCount "69"]
[EventDate "2004.04.22"]
[EventType "swiss"]
[EventRounds "7"]
[EventCountry "ARG"]
[SourceTitle "CBM 100 Extra"]
[Source "ChessBase"]
[SourceDate "2004.07.06"]
[SourceVersion "2"]
[SourceVersionDate "2004.07.06"]
[SourceQuality "1"]

1. e4 e5 2. Nc3 Nf6 3. Nf3 Nc6 4. Bb5 Nd4 5. Ba4 Bc5 6. h3 0-0 7. d3 d6 8. Ne2 Nxf3+ 9. gxf3 Nh5 10. d4 Bb6 11. Be3 f5 12. Bb3+ Kh8 13. Qd3 exd4 14. Bxd4 Bxd4 15. Qxd4 Qf6 16. Qxf6 Nxf6 17. Ng3 Bd7 18. exf5 Bc6 19. Kd2 Rae8 20. Rhe1 Bxf3 21. Be6 d5 22. Re3 Ne4+ 23. Nxe4 dxe4 24. Rc3 Re7 25. Rg1 g6 26. fxg6 Rd8+ 27. Ke3 Rxe6 28. g7+ Kg8 29. Rxc7 Rc6 30. Rxb7 Rxc2 31. Rg5 Re2+ 32. Kf4 Rxf2 33. Rxa7 Rxb2 34. Re5 Rh2 35. Kg3 0-1

[Event "Vicente Lopez IRT op"]
[Site "Vicente Lopez"]
[Date "2003.08.01"]
[Round "8.6"]
[White "Villanueva, Matias"]
[Black "Montoro, Gustavo Ernesto"]
[Result "1/2-1/2"]
[WhiteElo "2167"]
[BlackElo "2122"]
[PlyCount "86"]
[EventDate "2003.07.25"]
[EventType "swiss"]
[EventRounds "10"]
[EventCountry "ARG"]
[SourceTitle "CBM 095 Extra"]
[Source "ChessBase"]
[SourceDate "2003.09.04"]
[SourceVersion "1"]
[SourceVersionDate "2003.09.04"]
[SourceQuality "1"]

1. Nf3 Nf6 2. d4 g6 3. Bg5 Bg7 4. Nbd2 d5 5. e3 0-0 6. Bd3 c5 7. c3 Qb6 8. Rb1 Nc6 9. h3 e5 10. dxe5 Nd7 11. 0-0 Ndxe5 12. Bc2 Be6 13. Nb3 Rfe8 14. Nxe5 Bxe5 15. f4 Bg7 16. f5 gxf5 17. Bxf5 Ne7 18. Bxe7 Rxe7 19. Bc2 Rf8 20. Qh5 h6 21. Rf3 Qc7 22. Rbf1 b6 23. Qh4 Bc8 24. Nd2 Qe5 25. e4 d4 26. Nc4 Qg5 27. Qf2 dxc3 28. bxc3 h5 29. Nd6 Be6 30. Rg3 Qh6 31. Nf5 Bxf5 32. Qxf5 Kh8 33. e5 Rxe5 34. Qd7 Re3 35. Rxe3 Qxe3+ 36. Kh1 Bxc3 37. Qf5 Qh6 38. Qd3 Bd4 39. Qe4 f5 40. Qb7 Qg7 41. Qf3 Qg5 42. Bxf5 Kg7 43. Qd3 h4 1/2-1/2

[Event "Vicente Lopez IRT op"]
[Site "Vicente Lopez"]
[Date "2003.07.31"]
[Round "7.9"]
[White "Sambuco Salomone, Lucas"]
[Black "Villanueva, Matias"]
[Result "0-1"]
[WhiteElo "2000"]
[BlackElo "2167"]
[PlyCount "82"]
[EventDate "2003.07.25"]
[EventType "swiss"]
[EventRounds "10"]
[EventCountry "ARG"]
[SourceTitle "CBM 095 Extra"]
[Source "ChessBase"]
[SourceDate "2003.09.04"]
[SourceVersion "1"]
[SourceVersionDate "2003.09.04"]
[SourceQuality "1"]

1. d4 d5 2. c4 dxc4 3. Nf3 Nf6 4. e3 e6 5. Bxc4 c5 6. 0-0 a6 7. dxc5 Bxc5 8. Qxd8+ Kxd8 9. a3 b5 10. Be2 Nbd7 11. b4 Bd6 12. Rd1 Ke7 13. Nd4 Bb7 14. Bb2 Nb6 15. Nc3 Rac8 16. Rac1 Nc4 17. Bxc4 Rxc4 18. Nb1 Rhc8 19. Nd2 Rxc1 20. Rxc1 Rxc1+ 21. Bxc1 Ng4 22. N2f3 Ne5 23. Nxe5 Bxe5 24. Nb3 Kd6 25. Nc5 Bc6 26. Nxa6 Kd5 27. Nc5 Kc4 28. f3 Kc3 29. Bb2+ Kxb2 30. Nd3+ Kxa3 31. Nxe5 Be8 32. Nd3 Kb3 33. Kf2 Kc3 34. Ke2 f6 35. Nc5 e5 36. Na6 Bd7 37. Nc5 Bc8 38. Nd3 Be6 39. Nc5 Bc4+ 40. Kf2 Kxb4 41. Ne4 Bd3 0-1

[Event "Vicente Lopez IRT op"]
[Site "Vicente Lopez"]
[Date "2003.07.27"]
[Round "3.3"]
[White "Aguila, Gustavo"]
[Black "Villanueva, Matias"]
[Result "1/2-1/2"]
[WhiteElo "2305"]
[BlackElo "2167"]
[PlyCount "36"]
[EventDate "2003.07.25"]
[EventType "swiss"]
[EventRounds "10"]
[EventCountry "ARG"]
[SourceTitle "CBM 095 Extra"]
[Source "ChessBase"]
[SourceDate "2003.09.04"]
[SourceVersion "1"]
[SourceVersionDate "2003.09.04"]
[SourceQuality "1"]

1. Nf3 d5 2. g3 Nf6 3. Bg2 Bg4 4. c4 c6 5. Qb3 Qc8 6. cxd5 cxd5 7. Nc3 e6 8. d3 Nc6 9. h3 Bxf3 10. Bxf3 Be7 11. Qa4 0-0 12. Be3 Rd8 13. d4 Nd7 14. Rd1 Nb6 15. Qb3 Bf6 16. Bg4 Qd7 17. f4 Rac8 18. Bf2 Nc4 1/2-1/2

[Event "Vicente Lopez IRT op"]
[Site "Vicente Lopez"]
[Date "2003.07.26"]
[Round "2.5"]
[White "Villanueva, Matias"]
[Black "Batinov, Alex"]
[Result "1-0"]
[WhiteElo "2167"]
[BlackElo "2000"]
[PlyCount "89"]
[EventDate "2003.07.25"]
[EventType "swiss"]
[EventRounds "10"]
[EventCountry "ARG"]
[SourceTitle "CBM 095 Extra"]
[Source "ChessBase"]
[SourceDate "2003.09.04"]
[SourceVersion "1"]
[SourceVersionDate "2003.09.04"]
[SourceQuality "1"]

1. d4 d5 2. c4 e6 3. Nc3 Be7 4. Nf3 Nf6 5. cxd5 exd5 6. Bg5 Nbd7 7. e3 0-0 8. Bd3 b6 9. 0-0 h6 10. Bh4 Bb7 11. Ne5 Ne4 12. Nxd7 Qxd7 13. Bxe7 Qxe7 14. Qa4 Kh8 15. Ba6 Bxa6 16. Qxa6 Nxc3 17. bxc3 f5 18. g3 g5 19. Qb5 Qe6 20. Rac1 c6 21. Qd3 b5 22. Rce1 Rg8 23. a4 a6 24. Ra1 f4 25. exf4 gxf4 26. Rfe1 Qf6 27. axb5 cxb5 28. Re5 Rg5 29. Rae1 fxg3 30. hxg3 Rf8 31. R1e2 Kg8 32. Re6 Qg7 33. Rxa6 Rgf5 34. Qe3 R5f6 35. Rxf6 Qxf6 36. Qe6+ Qxe6 37. Rxe6 Rc8 38. Rb6 Rxc3 39. Rxb5 Rc6 40. Rxd5 Kf7 41. Re5 Kf6 42. Kg2 Rd6 43. Re4 Kf5 44. Kf3 h5 45. Re5+ 1-0

[Event "IECG CA.2003.0.00092 email"]
[Site "IECG email"]
[Date "2003.04.12"]
[Round "?"]
[White "Villanueva, Matias"]
[Black "Sekret, Roman"]
[Result "1/2-1/2"]
[WhiteElo "2154"]
[BlackElo "2000"]
[PlyCount "49"]
[EventDate "2003.04.12"]
[EventType "tourn (corr)"]
[EventRounds "6"]
[SourceTitle "Corr 2008"]
[Source "ChessBase"]
[SourceDate "2008.06.24"]
[SourceVersion "1"]
[SourceVersionDate "2008.06.24"]
[SourceQuality "1"]

1. d4 d5 2. c4 e6 3. Nc3 c6 4. e3 Nf6 5. Nf3 Nbd7 6. Qc2 Bd6 7. g4 Nxg4 8. Rg1 f5 9. h3 Ngf6 10. Rxg7 Ne4 11. Bd2 Qf6 12. Rg2 Qf8 13. 0-0-0 Rg8 14. Rxg8 Qxg8 15. Be1 Qg6 16. Kb1 Qh5 17. Bg2 Qg6 18. Bf1 Qh5 19. Nxe4 fxe4 20. Nd2 Nf6 21. Rc1 Bd7 22. Nb3 b6 23. a3 Rc8 24. c5 Be7 25. Qc3 1/2-1/2

[Event "Villa Ballester op 53th"]
[Site "Villa Ballester"]
[Date "2003.01.12"]
[Round "4"]
[White "Villanueva, Matias"]
[Black "Chtcherbine, Andrei"]
[Result "0-1"]
[WhiteElo "2154"]
[BlackElo "2168"]
[PlyCount "116"]
[EventDate "2003.01.15"]
[EventType "swiss"]
[EventRounds "9"]
[EventCountry "ARG"]
[SourceTitle "CBM 092 Extra"]
[Source "ChessBase"]
[SourceDate "2003.03.07"]
[SourceVersion "1"]
[SourceVersionDate "2003.03.07"]
[SourceQuality "1"]

1. d4 c5 2. d5 e5 3. e4 d6 4. Nc3 Be7 5. Nf3 Bg4 6. Be2 a6 7. Nd2 Bxe2 8. Qxe2 b5 9. a4 b4 10. Nd1 Bg5 11. Ne3 Bxe3 12. Qxe3 Ne7 13. 0-0 0-0 14. Nc4 Ng6 15. Qg5 a5 16. h4 Qxg5 17. Bxg5 f6 18. h5 Nh8 19. Be3 Nf7 20. c3 Nd7 21. cxb4 axb4 22. b3 Ra6 23. a5 Rfa8 24. Ra4 Rb8 25. f3 g6 26. hxg6 hxg6 27. Kf2 f5 28. Ke2 Kg7 29. Raa1 Nf6 30. Kd3 f4 31. Bf2 Ne8 32. g3 Nf6 33. Nb6 Nh5 34. g4 Nf6 35. Bh4 Ne8 36. Rh1 Nc7 37. Nd7 Rb7 38. Bf6+ Kg8 39. Be7 Nxd5 40. Nf6+ Nxf6 41. Bxf6 d5 42. g5 dxe4+ 43. Kxe4 Rd7 44. Rad1 Rad6 45. Rxd6 Rxd6 46. Bxe5 Re6 47. Kxf4 Nxe5 48. Rd1 Nc6 49. a6 Nd4 50. Ra1 Re8 51. a7 Ra8 52. Ra6 Kf7 53. Ke4 Nb5 54. Rc6 Rxa7 55. Rxc5 Rb7 56. Kd5 Nc7+ 57. Kc6 Ne6 58. Ra5 Rc7+ 0-1

[Event "Villa Martelli Pro Am op 10th"]
[Site "Villa Martelli"]
[Date "2003.??.??"]
[Round "5"]
[White "Villanueva, Matias"]
[Black "Bulcourf, Carlos"]
[Result "0-1"]
[WhiteElo "2167"]
[BlackElo "2274"]
[PlyCount "119"]
[EventDate "2003.10.23"]
[EventType "swiss"]
[EventRounds "9"]
[EventCountry "ARG"]
[SourceTitle "CBM 097 Extra"]
[Source "ChessBase"]
[SourceDate "2004.01.13"]
[SourceVersion "1"]
[SourceVersionDate "2004.01.13"]
[SourceQuality "1"]

1. d4 Nf6 2. c4 c5 3. d5 Ne4 4. Qc2 Qa5+ 5. Nd2 Nd6 6. e4 g6 7. Bd3 Bg7 8. Ngf3 Na6 9. a3 b5 10. 0-0 bxc4 11. Bxc4 0-0 12. Bd3 c4 13. Nxc4 Nxc4 14. Bxc4 d6 15. Bg5 Qd8 16. Rad1 h6 17. Be3 Nc7 18. Nd4 Bd7 19. b4 Bxd4 20. Bxd4 Nb5 21. Bb2 Rc8 22. Qd3 a6 23. Bb3 Kh7 24. Qe3 f6 25. Rc1 Nc7 26. Bd4 Qe8 27. Bb6 Na8 28. Rxc8 Qxc8 29. Rc1 Qb8 30. Bd4 Rc8 31. Rd1 Qb5 32. f4 Nc7 33. Bb2 Ne8 34. e5 Ng7 35. exf6 Nf5 36. Qf2 exf6 37. Bxf6 Re8 38. Re1 Rxe1+ 39. Qxe1 Qd3 40. Ba2 Qxa3 41. Bb1 Qe3+ 42. Qxe3 Nxe3 43. Be4 Bf5 44. Bf3 Bd3 45. Kf2 Nc2 46. Bc3 h5 47. g3 Kg8 48. h3 Kf7 49. g4 h4 50. Bd1 Na3 51. Bf3 Nb5 52. Bb2 Bc4 53. Bg2 Nc7 54. Ke3 Bxd5 55. Bf1 Bh1 56. f5 gxf5 57. gxf5 Nd5+ 58. Kd4 Nxb4 59. Bc3 a5 60. Bc4+ 0-1

[Event "Pro American op 9th"]
[Site "Villa Martelli"]
[Date "2002.10.27"]
[Round "3"]
[White "Villanueva, Matias"]
[Black "Rosito, Jorge"]
[Result "1/2-1/2"]
[WhiteElo "2154"]
[BlackElo "2413"]
[PlyCount "76"]
[EventDate "2002.10.24"]
[EventType "swiss"]
[EventRounds "9"]
[EventCountry "ARG"]
[SourceTitle "EXT 2004"]
[Source "ChessBase"]
[SourceDate "2003.11.25"]
[SourceVersion "1"]
[SourceVersionDate "2003.11.25"]
[SourceQuality "1"]

1. d4 Nf6 2. Nf3 c5 3. d5 e6 4. Nc3 b5 5. Bg5 Qa5 6. Bxf6 gxf6 7. e4 Ba6 8. Be2 b4 9. Nb1 b3+ 10. Nc3 Bxe2 11. Qxe2 bxc2 12. 0-0 Na6 13. Qxc2 Bg7 14. a3 c4 15. Ne2 Rc8 16. Nf4 0-0 17. Nh5 Rc7 18. b4 cxb3 19. Qxb3 Rc3 20. Qb7 Nc5 21. Qb4 Nb3 22. Qe7 Qd8 23. Qxd8 Rxd8 24. Ra2 Nc5 25. Nxg7 Kxg7 26. dxe6 dxe6 27. e5 f5 28. h3 Rd5 29. Re1 Na4 30. Nd2 Rdd3 31. Nb1 Rb3 32. Rc2 Rb5 33. Rc7 Ra5 34. Kh2 Nb6 35. Nc3 Rd7 36. Rc6 Rd3 37. Rc1 Nd7 38. a4 Rc5 1/2-1/2

[Event "Villa Ballester op 52nd"]
[Site "Villa Ballester"]
[Date "2002.01.12"]
[Round "8"]
[White "Villanueva, Matias"]
[Black "Chadwick, Norman William"]
[Result "1-0"]
[WhiteElo "2091"]
[BlackElo "2206"]
[PlyCount "83"]
[EventDate "2002.01.02"]
[EventType "swiss"]
[EventRounds "9"]
[EventCountry "ARG"]
[SourceTitle "CBM 086 Extra"]
[Source "ChessBase"]
[SourceDate "2002.03.14"]
[SourceVersion "1"]
[SourceVersionDate "2002.03.14"]
[SourceQuality "1"]

1. d4 Nf6 2. c4 e6 3. Nc3 c5 4. d5 exd5 5. cxd5 d6 6. e4 g6 7. f4 Bg7 8. Bb5+ Nfd7 9. a4 0-0 10. Nf3 Na6 11. 0-0 Nc7 12. Bxd7 Bxd7 13. f5 gxf5 14. Bg5 f6 15. Bf4 Re8 16. exf5 Bxf5 17. Nh4 Bg6 18. Qg4 Kf7 19. Qg3 Bf8 20. Bg5 Bg7 21. Rxf6+ Bxf6 22. Rf1 Re5 23. Bxf6 Qxf6 24. Rxf6+ Kxf6 25. Nf3 Rae8 26. Qf4+ Kg7 27. Nxe5 Rxe5 28. Qg4 Re7 29. Qc8 Ne8 30. Qd8 Kf8 31. Nb5 Re5 32. Nc7 Re7 33. Nxe8 Bxe8 34. Qxd6 b6 35. a5 bxa5 36. Qxc5 a4 37. h4 h5 38. Kh2 Bg6 39. Qd6 Bf7 40. Kg3 Ke8 41. Qb8+ Kd7 42. d6 1-0

[Event "Villa Ballester op 52nd"]
[Site "Villa Ballester"]
[Date "2002.01.11"]
[Round "7"]
[White "Koch, Juan Enrique"]
[Black "Villanueva, Matias"]
[Result "1/2-1/2"]
[WhiteElo "2162"]
[BlackElo "2091"]
[PlyCount "95"]
[EventDate "2002.01.02"]
[EventType "swiss"]
[EventRounds "9"]
[EventCountry "ARG"]
[SourceTitle "CBM 086 Extra"]
[Source "ChessBase"]
[SourceDate "2002.03.14"]
[SourceVersion "1"]
[SourceVersionDate "2002.03.14"]
[SourceQuality "1"]

1. Nf3 Nf6 2. g3 d5 3. Bg2 c6 4. d4 Bg4 5. Ne5 Bh5 6. 0-0 e6 7. c4 Be7 8. Nc3 0-0 9. Qb3 Qb6 10. c5 Qxb3 11. axb3 Nbd7 12. Bg5 Rfe8 13. Bxf6 Nxf6 14. b4 a6 15. f3 Rad8 16. Rad1 Nd7 17. Nxd7 Rxd7 18. Rd2 Bg5 19. f4 Bf6 20. e3 g5 21. Bf3 Bg6 22. Bd1 h5 23. h3 Kg7 24. Kg2 Rdd8 25. Bc2 g4 26. hxg4 hxg4 27. Bxg6 Kxg6 28. Rh1 Rh8 29. Kg1 Rxh1+ 30. Kxh1 Rh8+ 31. Rh2 Rxh2+ 32. Kxh2 Kf5 33. Kg2 Bd8 34. Kf2 f6 35. e4+ Kg6 36. exd5 exd5 37. Ke3 f5 38. Ne2 Kf6 39. Nc1 Ke6 40. Nd3 Bc7 41. Kd2 Bd8 42. Kc3 Bc7 43. Nf2 Bd8 44. Nd1 Bc7 45. Ne3 Bd8 46. Kb3 Bc7 47. Ka4 Bd8 48. Kb3 1/2-1/2

[Event "Villa Ballester op 52nd"]
[Site "Villa Ballester"]
[Date "2002.01.04"]
[Round "2"]
[White "Villanueva, Matias"]
[Black "Jimenez, Joaquin Rodrigo"]
[Result "1/2-1/2"]
[WhiteElo "2091"]
[BlackElo "2235"]
[PlyCount "66"]
[EventDate "2002.01.02"]
[EventType "swiss"]
[EventRounds "9"]
[EventCountry "ARG"]
[SourceTitle "CBM 086 Extra"]
[Source "ChessBase"]
[SourceDate "2002.03.14"]
[SourceVersion "1"]
[SourceVersionDate "2002.03.14"]
[SourceQuality "1"]

1. d4 Nf6 2. Nf3 e6 3. Bg5 d5 4. e3 Be7 5. Bd3 0-0 6. Nbd2 b6 7. Qe2 c5 8. c3 a5 9. Ne5 Nfd7 10. Bf4 Nxe5 11. dxe5 Ba6 12. h4 Bxd3 13. Qxd3 Nd7 14. c4 dxc4 15. Nxc4 b5 16. 0-0-0 bxc4 17. Qxd7 Qb6 18. Qxe7 c3 19. bxc3 Rab8 20. Kd2 Rfe8 21. Qg5 Qb2+ 22. Ke1 Qc2 23. e4 Rb2 24. Bd2 Reb8 25. Qe3 Rd8 26. Rh3 c4 27. Rg3 g6 28. h5 Rb1 29. Rxb1 Qxb1+ 30. Ke2 Qxa2 31. Qg5 Rd7 32. Rh3 Qc2 33. Qe3 Rd3 1/2-1/2

[Event "Villa Martelli IRT 2nd"]
[Site "Villa Martelli"]
[Date "2002.??.??"]
[Round "6"]
[White "Benedetto, Abel"]
[Black "Villanueva, Matias"]
[Result "1/2-1/2"]
[WhiteElo "2160"]
[BlackElo "2117"]
[PlyCount "33"]
[EventDate "2002.05.06"]
[EventType "tourn"]
[EventRounds "9"]
[EventCountry "ARG"]
[SourceTitle "EXT 2004"]
[Source "ChessBase"]
[SourceDate "2003.11.25"]
[SourceVersion "1"]
[SourceVersionDate "2003.11.25"]
[SourceQuality "1"]

1. Nf3 Nf6 2. c4 c6 3. Nc3 d5 4. e3 a6 5. b3 Bg4 6. Be2 Nbd7 7. h3 Bh5 8. g4 Bg6 9. cxd5 cxd5 10. Bb2 e6 11. d3 h5 12. Rg1 hxg4 13. hxg4 b5 14. Rc1 Qa5 15. Kf1 Bd6 16. Qd2 Qb6 17. g5 1/2-1/2

[Event "Villa Martelli IRT 2nd"]
[Site "Villa Martelli"]
[Date "2002.??.??"]
[Round "4"]
[White "Miserendino, Alfredo"]
[Black "Villanueva, Matias"]
[Result "0-1"]
[WhiteElo "2239"]
[BlackElo "2117"]
[PlyCount "90"]
[EventDate "2002.05.06"]
[EventType "tourn"]
[EventRounds "9"]
[EventCountry "ARG"]
[SourceTitle "EXT 2004"]
[Source "ChessBase"]
[SourceDate "2003.11.25"]
[SourceVersion "1"]
[SourceVersionDate "2003.11.25"]
[SourceQuality "1"]

1. d4 d5 2. c4 c6 3. Nf3 Nf6 4. Bf4 Bf5 5. e3 e6 6. Bd3 Bxd3 7. Qxd3 Bd6 8. Bxd6 Qxd6 9. c5 Qc7 10. Nc3 Nbd7 11. 0-0 0-0 12. b4 e5 13. Qf5 Rfe8 14. Rae1 e4 15. Nd2 Re6 16. f3 exf3 17. gxf3 Rae8 18. e4 g6 19. Qg5 Nh5 20. f4 f5 21. e5 Nf8 22. Rf3 R6e7 23. Ne2 Ne6 24. Qh4 b6 25. Nb3 bxc5 26. bxc5 Rf7 27. Rb1 Rb8 28. Kh1 a5 29. Rd1 Rg7 30. Ng3 Nxg3+ 31. hxg3 a4 32. Qf6 Qe7 33. Na5 Qxf6 34. exf6 Rc7 35. Ra3 Kf7 36. Re1 Kxf6 37. Rxa4 Ra8 38. Re3 Rca7 39. Rea3 Nxd4 40. Rxd4 Rxa5 41. Rc3 Rxa2 42. Rd1 Ra1 43. Rxa1 Rxa1+ 44. Kg2 Ra4 45. Kf3 Rc4 0-1

[Event "Villa Martelli IRT 2nd"]
[Site "Villa Martelli"]
[Date "2002.??.??"]
[Round "5"]
[White "Villanueva, Matias"]
[Black "Della Morte, Pablo"]
[Result "0-1"]
[WhiteElo "2117"]
[BlackElo "2324"]
[PlyCount "108"]
[EventDate "2002.05.06"]
[EventType "tourn"]
[EventRounds "9"]
[EventCountry "ARG"]
[SourceTitle "EXT 2004"]
[Source "ChessBase"]
[SourceDate "2003.11.25"]
[SourceVersion "1"]
[SourceVersionDate "2003.11.25"]
[SourceQuality "1"]

1. d4 Nf6 2. Nf3 g6 3. c4 Bg7 4. Nc3 0-0 5. e4 d6 6. Be2 e5 7. dxe5 dxe5 8. Qxd8 Rxd8 9. Bg5 Na6 10. Nd5 Nxd5 11. cxd5 f6 12. Bxa6 bxa6 13. Bh4 Rb8 14. b3 Rb4 15. Nd2 c6 16. 0-0-0 cxd5 17. Nc4 g5 18. Bg3 d4 19. f3 Be6 20. Nb2 Rb7 21. Kd2 Bf8 22. Nd3 Ba3 23. h4 Rg7 24. Rhg1 h6 25. hxg5 hxg5 26. Ke2 Rc8 27. Rd2 a5 28. Rgd1 Rgc7 29. Bf2 Bd7 30. Be1 Bb5 31. Kf2 Rc3 32. Kg3 Rb8 33. Kf2 a4 34. bxa4 Bxa4 35. Ra1 Bc2 36. Ke2 Kf7 37. Bg3 Bxd3+ 38. Rxd3 Rb2+ 39. Rd2 Rcc2 40. Be1 Ke6 41. Kd3 Rxd2+ 42. Bxd2 Kd7 43. g3 Rb8 44. Ke2 Rh8 45. Rb1 Kc6 46. Rb3 Bc5 47. g4 Rh2+ 48. Kd1 Bb6 49. a4 Rh1+ 50. Kc2 Ra1 51. Bb4 Bc5 52. Ba5 Be7 53. Bb4 Bxb4 54. Rxb4 Ra3 0-1

[Event "Villa Martelli IRT 2nd"]
[Site "Villa Martelli"]
[Date "2002.??.??"]
[Round "1"]
[White "Zuriel, Alejandro"]
[Black "Villanueva, Matias"]
[Result "1/2-1/2"]
[WhiteElo "2214"]
[BlackElo "2117"]
[PlyCount "30"]
[EventDate "2002.05.06"]
[EventType "tourn"]
[EventRounds "9"]
[EventCountry "ARG"]
[SourceTitle "EXT 2004"]
[Source "ChessBase"]
[SourceDate "2003.11.25"]
[SourceVersion "1"]
[SourceVersionDate "2003.11.25"]
[SourceQuality "1"]

1. d4 d5 2. Nf3 Nf6 3. c4 c6 4. cxd5 cxd5 5. Nc3 Nc6 6. Bf4 Bf5 7. Rc1 e6 8. e3 Bd6 9. Bxd6 Qxd6 10. Be2 0-0 11. 0-0 a6 12. a3 b5 13. b4 Rac8 14. Nd2 Rfd8 15. Nb3 Nb8 1/2-1/2

[Event "Florida"]
[Site "Florida"]
[Date "2001.??.??"]
[Round "2"]
[White "Zuriel, Alejandro"]
[Black "Villanueva, Matias"]
[Result "1-0"]
[WhiteElo "2203"]
[BlackElo "2015"]
[PlyCount "97"]
[EventDate "2001.??.??"]
[EventType "tourn"]
[EventRounds "11"]
[EventCountry "ARG"]
[SourceTitle "EXT 2002"]
[Source "ChessBase"]
[SourceDate "2001.11.25"]
[SourceVersion "1"]
[SourceVersionDate "2001.11.25"]
[SourceQuality "1"]

1. e4 c6 2. d4 d5 3. exd5 cxd5 4. Bd3 Nc6 5. c3 Nf6 6. Bf4 Bg4 7. Qb3 Qd7 8. Nd2 e6 9. Ngf3 Bxf3 10. Nxf3 Bd6 11. Bg3 Ne4 12. Bxe4 dxe4 13. Ng5 Na5 14. Qd1 f5 15. Nxe4 Be7 16. Nd2 0-0 17. Be5 Qb5 18. Nb3 Nc4 19. Qe2 Qd5 20. 0-0 a5 21. Rfe1 Bg5 22. Nc5 b6 23. Nd3 Rfe8 24. b3 Nd6 25. c4 Qc6 26. f3 Rad8 27. Rad1 Nf7 28. f4 Bh4 29. Rf1 Nh6 30. Qf3 Qd7 31. Nb2 Be7 32. Kh1 Ng4 33. Nd3 Nf6 34. Nf2 g6 35. Rfe1 a4 36. Qc3 b5 37. d5 Ng4 38. Nxg4 fxg4 39. d6 Bf8 40. c5 Qc6 41. b4 h5 42. Qd3 Kh7 43. Qe4 Qa6 44. Re2 Qa7 45. Red2 Bg7 46. c6 Bxe5 47. Qxe5 Qb6 48. Qc5 Qxc5 49. bxc5 1-0